| 000 | 02257nam a2200385 c 4500 | ||
|---|---|---|---|
| 999 |
_c422718 _d422718 |
||
| 003 | BLK | ||
| 005 | 20250107120040.0 | ||
| 008 | 180411b bul|||||r ||||||| ||bul|| | ||
| 020 | _a9786190108498 | ||
| 040 | _aBLK | ||
| 041 |
_aBUL _cBUL |
||
| 080 |
_aФактори на икономическото развитие. - Развитие на производството. Технически прогрес. Институционни промени. Структурни промени. Индустриализация. Концентрация. Централизация, децентрализация _b330.341 _x:001.89 _z330.341:001.89 |
||
| 100 | 1 |
_aШваб, Клаус _eпърви автор _9348405 |
|
| 139 |
_aШваб, Клаус и др. _bШ 43 |
||
| 245 | 1 | 0 |
_aКапитализъм на заинтересованите _bГлобална икономика в полза на прогреса, хората и планетата _cКлаус Шваб, Питър Ванхам ; прев. Людмила Андреева |
| 257 | _aBGR | ||
| 260 |
_bИзток-Запад _c2021 _9210881 _aСофия _n978-619-01- ; 978-619-152- ; 978-954-321- ; 954-8945- |
||
| 300 |
_a384 с. _c22 см |
||
| 380 | _a3 | ||
| 490 |
_aКатехон _gИмпринт на издателство Изток-Запад _v1 _9470268 |
||
| 500 | _aОриг. загл.: Stakeholder capitalism / Klaus Schwab, Peter Vanham. - За авторите: с. 7-8. - Азб. показалец | ||
| 650 | 0 |
_aКапитализъм - социологични проблеми _9258089 |
|
| 650 | 4 |
_aИндустриализация - история _9286355 |
|
| 650 | 0 |
_aГлобализация - икономически проблеми _9285850 |
|
| 653 | _aсоциални проблеми | ||
| 653 | 7 |
_aглобализация _9184176 |
|
| 700 |
_aАндреева, Людмила Маринова _9365194 |
||
| 700 |
_aВанхам, Питър _eсъавт. _9459355 |
||
| 700 |
_aДимитров, Димитър Василев _eнауч. ред. _9695 |
||
| 852 |
_bП _c330.1/Ш 43 К |
||
| 852 |
_bЦб _aЦб |
||
| 942 |
_cKNG _n0 _s1 _010 |
||
| 944 |
_aCR _c2021-07-02 _k30545 _lНора Радева |
||
| 999 | _d422718 | ||